| 000 | 00513nam a22001697a 4500 | ||
|---|---|---|---|
| 005 | 20251108164826.0 | ||
| 008 | 250721s1998 xx 000 0 ara d | ||
| 082 | 1 | 4 | _a616.362/عبد |
| 100 | 1 | _aعبد الرحيم، إيهاب | |
| 245 | 1 | 0 | _aأمراض الكبد و المرارة / |
| 264 | 1 |
_aالمنصورة : _bمكتبة الإيمان للنشر و التوزيع، _c1998. |
|
| 300 | _a106ص | ||
| 650 | 1 | 7 | _aالأمراض |
| 650 | 1 | 7 | _aأمراض الكبد |
| 942 |
_2ddc _cBK |
||
| 999 |
_c15274 _d15274 |
||